Normal view
MARC view
- Energy and Power
Entry Topical Term
001 - CONTROL NUMBER
- control field: 109184
003 - CONTROL NUMBER IDENTIFIER
- control field: NUST
005 - DATE AND TIME OF LATEST TRANSACTION
- control field: 20230217103208.0
008 - FIXED-LENGTH DATA ELEMENTS
- fixed length control field: 230217|| aca||aabn | a|a d
040 ## - CATALOGING SOURCE
- Original cataloging agency: NUST
- Transcribing agency: NUST
150 ## - HEADING--TOPICAL TERM
- Topical term or geographic name entry element: Energy and Power
670 ## - SOURCE DATA FOUND
- Source citation: Work cat.: (NUST)182343: Hawks, Ellison 100626, How it works and how its done /
